000 00714nam a22002297a 4500
003 UA-OsUOA
001 32068
007 ta
008 20050121b un ||||| |||| 00| 0 ukr d
090 _a141.82
_bТ78
942 _cBK
040 _aUA-OsUOA
_brus
_cUA-OsUOA
_dUA-OsUOA
245 _aТрудящі України В. І. Леніну
_bЗбірник документів
_cРед. М. Р.Доній І. Д.Назаренко П. і.ПавлюкУпоряд. Ю. В.Бабко Д. С.Щедріна
300 _a376 с.
_bІлюстрації
955 _a0
041 _arus
080 _a141.82
260 _aКиїв
_bПолітвидав
_c1960
044 _aRU
650 7 _2UDC
999 _c318505
_d318505